La vie conjugale sous l'Ancien Régime (notice n° 2198685)

détails MARC
000 -LEADER
fixed length control field 00763cam a2200133 4500500
005 - DATE AND TIME OF LATEST TRANSACTION
control field 20260405085558.0
041 ## - LANGUAGE CODE
Language code of text/sound track or separate title fre
042 ## - AUTHENTICATION CODE
Authentication code dc
100 10 - MAIN ENTRY--PERSONAL NAME
Personal name Lebrun, François
Relator term author
245 00 - TITLE STATEMENT
Title La vie conjugale sous l'Ancien Régime
260 ## - PUBLICATION, DISTRIBUTION, ETC.
Name of publisher, distributor, etc. Armand Colin,<br/>
Date of publication, distribution, etc. 2016.<br/>
520 ## - SUMMARY, ETC.
Summary, etc. Une analyse des réalités de la vie conjugale (le mariage, la famille conjugale, les problèmes de la sexualité, l'enfant, la limitation du nombre des enfants) qui conduisent à une nouvelle lecture de la société d'Ancien Régime. Nouvelle présentation et ajout d'une bibliographie commentée sur les derniers ouvrages parus sur le sujet.
856 41 - ELECTRONIC LOCATION AND ACCESS
Uniform Resource Identifier <a href="https://shs.cairn.info/la-vie-conjugale-sous-l-ancien-regime--9782200019532?lang=fr&redirect-ssocas=7080">https://shs.cairn.info/la-vie-conjugale-sous-l-ancien-regime--9782200019532?lang=fr&redirect-ssocas=7080</a>

Pas d'exemplaire disponible.

PLUDOC

PLUDOC est la plateforme unique et centralisée de gestion des bibliothèques physiques et numériques de Guinée administré par le CEDUST. Elle est la plus grande base de données de ressources documentaires pour les Étudiants, Enseignants chercheurs et Chercheurs de Guinée.

Adresse

627 919 101/664 919 101

25 boulevard du commerce
Kaloum, Conakry, Guinée

Réseaux sociaux

Powered by Netsen Group @ 2025